Spell the Marvel Character #250 - Statistics

General Stats
  • This quiz has been taken 27 times
  • The average score is 11 of 15
Answer Stats
Picture Answer % Correct
Daredevil
100%
Captain America
89%
Iron Man
89%
Thor
89%
Ms. Marvel
84%
Nightcrawler
84%
Okoye
84%
Elsa Bloodstone
74%
Iron Lad
74%
Outlaw
74%
Forge
63%
Ulysses Bloodstone
63%
Dominic Fortune
53%
Nightmask
37%
Risque
26%
No matching quizzes found
Score Distribution
Percent of People with Each Score
Percentile by Number Answered
Your Score History
You have not taken this quiz